Maantiedettä kirjaimittain - M - Statistics

Yleistilastot
  • Tätä visaa on pelattu 1 570 kertaa
  • Keskiarvotulos 16 / 24
Vastaustilastot
Vihje Vastaus % Oikein
Puhutuin kiinalainen kieli Mandariinikiina
96%
Yhdysvaltain eteläinen naapurimaa Meksiko
95%
Islamin pyhin kaupunki Mekka
92%
Välimeren saarivaltio Malta
90%
Maailman syvin syvänmeren hauta {Mariaanien} hauta
90%
Valko-Venäjän pääkaupunki Minsk
90%
Englannin kolmanneksi suurin kaupunki ja ensimmäinen teollistunut kaupunki Manchester
88%
Ukrainan ja Turkin välissä sijaitseva meri Mustameri
85%
Tšingis-kaanin kotimaa Mongolia
84%
Trooppinen sadekausi Monsuuni
79%
Casablanca sijaitsee tässä valtiossa Marokko
69%
Suurin kaupunki Quebecissä Montreal
69%
Tunnettiin aiemmin nimellä Bombay Mumbai
69%
Uuden-Seelannin alkuperäiskansa Maorit
67%
Intian valtameren suurin saari Madagaskar
65%
Somalian pääkaupunki Mogadishu
60%
Frankfurtin läpi virtaava joki Main
52%
Muinainen alue Tigris- ja Eufratjokien ympärillä Mesopotamia
45%
Kiinan uhkapelipääkaupunki Macao
35%
Indokiinan suurin joki Mekong
33%
Historiallinen alue Tšekin itäosassa Määri
31%
Kiinan koillisosien nimi Mantšuria
28%
Muun muassa Papua-Uuden-Guinean ja Fidžin sisältävä Oseanian osa-alue Melanesia
21%
Thaimaan eteläosista ja manner-Malesiasta koostuva niemimaa Malakan niemimaa
17%
Ehtoja vastaavia visoja ei löytynyt
Tulosjakauma
Jokaisen tuloksen saaneiden osuus
Persentiili vastausten määrän mukaan
Tuloshistoriasi
Et ole pelannut tätä visaa